Public International Law

Bibliographic Details
Format: eBook
Language:English
Published: Toronto: Irwin Law Inc., 2008
Subjects:
Online Access:Acceso restringido

MARC

LEADER 00000nam a22000007a 4500
005 20210813115216.0
007 cr|||| ||||
008 210813s2008 ca |||||s|||| 00||0 eng d
020 |a 9781552212554 
035 |a 34891 
040 |a vLex 
090 |c 12014  |d 12014 
245 0 0 |a Public International Law  |h [Recurso electrn̤ico] / 
256 |a Servicio en ln̕ea 
260 |a Toronto:  |b Irwin Law Inc.,  |c 2008 
300 |a 1 recurso electrn̤ico 
506 1 |a Disponible solo en los productos indicados  |d vLex Global  |d vLex Global (Academic Edition, excluding Law Schools)  |d vLex Global (U.S. Academic Edition, Law Schools)  |d vLex Global (U.S. Academic Edition, excluding Law Schools)  |d vLex Global (Academic Edition, Law Schools) 
650 0 4 |a Derecho Pb︢lico y Administrativo  |z Canad̀ 
740 0 |a vLex Libros (Servicio en ln̕ea) 
856 4 0 |u https://app.vlex.com/#/sources/34891  |z Acceso restringido 
942 |c BOOK 
999 0 |a Public and Administrative Law